Detalles MARC
| 000 -CABECERA |
| campo de control de longitud fija |
01267nam a2200265 a 4500 |
| 001 - NÚMERO DE CONTROL |
| campo de control |
000036685 |
| 003 - IDENTIFICADOR DEL NÚMERO DE CONTROL |
| campo de control |
DO-4SdBNP |
| 005 - FECHA Y HORA DE LA ÚLTIMA TRANSACCIÓN |
| campo de control |
20241011134415.0 |
| 008 - DATOS DE LONGITUD FIJA--INFORMACIÓN GENERAL |
| campo de control de longitud fija |
120125s1980 ja a 000 0 eng d |
| 020 ## - NÚMERO INTERNACIONAL ESTÁNDAR DEL LIBRO |
| Número Internacional Estándar del Libro |
0839141254 |
| 040 ## - FUENTE DE LA CATALOGACIÓN |
| Centro catalogador/agencia de origen |
DO-SdBNP |
| Lengua de catalogación |
spa |
| Centro/agencia transcriptor |
BNPHU |
| 082 #4 - NÚMERO DE LA CLASIFICACIÓN DECIMAL DEWEY |
| Número de clasificación |
xxx |
| Número de documento/Ítem |
R129e |
| Número de edición |
22 |
| 245 00 - MENCIÓN DE TÍTULO |
| Título |
Radiation effects on aquatic organisms / |
| Mención de responsabilidad, etc. |
edited by Nobuo Egami. |
| 260 ## - PUBLICACIÓN, DISTRIBUCIÓN, ETC. |
| Lugar de publicación, distribución, etc. |
Tokyo : |
| Nombre del editor, distribuidor, etc. |
Japan Scientific Societies Press ; |
| Lugar de publicación, distribución, etc. |
Baltimore : |
| Nombre del editor, distribuidor, etc. |
University Park Press, |
| Fecha de publicación, distribución, etc. |
1980. |
| 300 ## - DESCRIPCIÓN FÍSICA |
| Extensión |
xiv, 292 p. : |
| Otras características físicas |
il. ; |
| Dimensiones |
24 cm. |
| 500 ## - NOTA GENERAL |
| Nota general |
Trabajos presentados en International Symposium on Radiation Effects on Aquatic Organisms, May 11-12, 1979, Zushi, Japan. |
| 500 ## - NOTA GENERAL |
| Nota general |
Incluye índice |
| 650 #4 - PUNTO DE ACCESO ADICIONAL DE MATERIA--TÉRMINO DE MATERIA |
| Término de materia o nombre geográfico como elemento de entrada |
Peces |
| Subdivisión general |
Efectos de la radiación |
| 9 (RLIN) |
62966 |
| Subdivisión de forma |
Congresos, conferencias, etc. |
| 650 #4 - PUNTO DE ACCESO ADICIONAL DE MATERIA--TÉRMINO DE MATERIA |
| Término de materia o nombre geográfico como elemento de entrada |
Organismos acuáticos |
| Subdivisión general |
Efectos de la radiación |
| 9 (RLIN) |
62967 |
| Subdivisión cronológica |
Congresos, conferencias, etc. |
| 650 #4 - PUNTO DE ACCESO ADICIONAL DE MATERIA--TÉRMINO DE MATERIA |
| Término de materia o nombre geográfico como elemento de entrada |
Peces |
| Subdivisión general |
Efectos de la contaminación del agua |
| -- |
Congresos, conferencias, etc. |
| 9 (RLIN) |
62968 |
| 650 #4 - PUNTO DE ACCESO ADICIONAL DE MATERIA--TÉRMINO DE MATERIA |
| Término de materia o nombre geográfico como elemento de entrada |
Organismos acuáticos |
| Subdivisión general |
Efectos de la contaminación del agua |
| -- |
Congresos, conferencias, etc. |
| 9 (RLIN) |
62969 |
| 700 1# - PUNTO DE ACCESO ADICIONAL--NOMBRE DE PERSONA |
| Nombre de persona |
Egami, Nobuo, |
| Fechas asociadas al nombre |
1925- |
| 9 (RLIN) |
62970 |
| 711 2# - PUNTO DE ACCESO ADICIONAL--NOMBRE DE REUNIÓN/CONGRESO |
| Nombre de congreso/reunión o jurisdicción como elemento de entrada |
a International Symposium on Radiation Effects on Aquatic Organisms |
| Fecha del congreso/reunión |
(1979 : |
| Sede del congreso/Lugar de la reunión |
Zushi-shi, Japan) |
| 9 (RLIN) |
62971 |
| 942 ## - ELEMENTOS DE PUNTO DE ACCESO ADICIONAL (KOHA) |
| Fuente del sistema de clasificación o colocación |
Dewey Decimal Classification |
| Tipo de ítem Koha |
Libro |